| 000 | 00487nam a2200169Ia 4500 | ||
|---|---|---|---|
| 008 | 151213s9999 xx 000 0 und d | ||
| 020 | _a0-53801870-4 | ||
| 100 | _aAdolph Matz & Milton F. Usry | ||
| 245 |
_aCost Accounting Planning & Control _cAdolph Matz & Milton F. Usry |
||
| 250 | _a8th | ||
| 260 |
_aChicago _bSouth - Western Publishing Co. _c2006 |
||
| 300 | _a4655 p. | ||
| 650 | _aAccounting | ||
| 650 | _aAccounting | ||
| 700 | _aAdolph Matz & Milton F. Usry | ||
| 999 |
_c3002 _d3002 |
||